000 00501nam a2200193Ia 4500
003 GCL
008 140319s9999 xx 000 0 eng d
040 _aGCL /
_cGCL
082 0 4 _a153.12
_bP M
100 1 _aPARKIN, ALAN J.
245 1 0 _aMEMORY: PHENOMENA, EXPERIMENT, AND THEORY /
_cPARKIN, ALAN J.
700 1 _aMEMORY
700 1 _aMEMORY-AGE FACTORS
260 _a[S.N] :
_bBLACK WELL ،
_c1993
300 _a231 P
650 0 4 _aMEMORY
650 0 4 _aMEMORY - AGE FACTORS
942 _2ddc
_cBK
999 _c23959
_d23959